000 00589cam a2200217 4500
001 D8667
008 090401t1981 xxu||||| |||| 00| 0 eng d
035 _a(Sirsi) u14503
041 _aeng
050 _a692.5
100 _aSharp, J.A.A.
245 4 _aThe cost estimate: a need for reconciliation
260 _aAscot, Berks
_bThe Chartered Institute of Building
_c1981
300 _a8p. ; 30cm
350 _a0
490 _aEstimating Information Service
_v40
650 _aCOST ESTIMATING
710 _aChartered Institute of Building
_92134
942 _n0
948 _c04/03/1997
999 _c87188
_d87188